[Event "Voronezh op-B"]
[Site "Voronezh"]
[Date "2008.06.16"]
[Round "5"]
[White "Bazarov, Konstantin"]
[Black "Semenova, Inna"]
[Result "0-1"]
[WhiteElo "2234"]
[BlackElo "2101"]
[PlyCount "88"]
[EventDate "2008.06.12"]
[EventType "swiss"]
[EventRounds "9"]
[EventCountry "RUS"]
[SourceTitle "CBM 125 Extra"]
[Source "ChessBase"]
[SourceDate "2008.09.01"]
[SourceVersion "1"]
[SourceVersionDate "2008.09.01"]
[SourceQuality "1"]

1. d4 d5 2. c4 e6 3. Nc3 c5 4. cxd5 exd5 5. Nf3 Nc6 6. g3 Nf6 7. Bg2 Be7 8. 0-0 0-0 9. Bg5 cxd4 10. Nxd4 h6 11. Be3 Re8 12. Rc1 Be6 13. Nxc6 bxc6 14. Na4 Qa5 15. b3 Ba3 16. Rxc6 Bd7 17. Rc2 Bf5 18. Rd2 Rad8 19. Rd4 Ne4 20. Qa1 Be7 21. Rdd1 Qa6 22. Bd4 Bf8 23. e3 Ng5 24. h4 Ne4 25. Nc3 Qg6 26. Bxa7 Bg4 27. Rd4 Ra8 28. Nb5 Be2 29. Nc7 Bxf1 30. Bxf1 Rxa7 31. Nxe8 Re7 32. Rxd5 Rxe8 33. Bg2 Nxg3 34. fxg3 Qxg3 35. Rd3 Bc5 36. Kf1 Bxe3 37. Rxe3 Rxe3 38. Qd1 Qxh4 39. Qd2 Qf6+ 40. Kg1 Qb6 41. Kh1 Qe6 42. Kg1 Qe5 43. Kf2 Qg3+ 44. Kf1 h5 0-1

[Event "RUS-ch (Women) 1st League 58th"]
[Site "Smolensk"]
[Date "2008.03.06"]
[Round "9"]
[White "Gusarchuk, Anastasia"]
[Black "Semenova, Inna"]
[Result "1-0"]
[WhiteElo "2101"]
[BlackElo "2086"]
[PlyCount "45"]
[EventDate "2008.02.27"]
[EventType "swiss"]
[EventRounds "9"]
[EventCountry "RUS"]
[SourceTitle "CBM 123 Extra"]
[Source "ChessBase"]
[SourceDate "2008.05.06"]
[SourceVersion "1"]
[SourceVersionDate "2008.05.06"]
[SourceQuality "1"]

1. d4 d5 2. c4 e6 3. Nc3 c5 4. cxd5 exd5 5. Nf3 Nc6 6. Bg5 Be7 7. Bxe7 Ngxe7 8. e3 cxd4 9. Nxd4 0-0 10. Bb5 Qb6 11. Bxc6 bxc6 12. Nb3 a5 13. Qd4 Qxd4 14. Nxd4 a4 15. 0-0 c5 16. Ndb5 Ra5 17. Rfd1 Rd8 18. Rd2 Be6 19. Rad1 Rd7 20. h3 Kf8 21. Na3 Ke8 22. Ncb5 Rb7 23. Nd6+ 1-0

[Event "RUS-ch (Women) 1st League 58th"]
[Site "Smolensk"]
[Date "2008.03.05"]
[Round "8"]
[White "Semenova, Inna"]
[Black "Kharmunova, Nadezhda"]
[Result "1-0"]
[WhiteElo "2086"]
[BlackElo "2170"]
[PlyCount "91"]
[EventDate "2008.02.27"]
[EventType "swiss"]
[EventRounds "9"]
[EventCountry "RUS"]
[SourceTitle "CBM 123 Extra"]
[Source "ChessBase"]
[SourceDate "2008.05.06"]
[SourceVersion "1"]
[SourceVersionDate "2008.05.06"]
[SourceQuality "1"]

1. d4 Nf6 2. c4 c5 3. d5 e6 4. Nc3 exd5 5. cxd5 d6 6. e4 g6 7. h3 Bg7 8. Nf3 0-0 9. Bd3 b5 10. 0-0 c4 11. Bc2 b4 12. Ne2 Re8 13. Ng3 Nbd7 14. Bg5 h6 15. Bf4 Nc5 16. Re1 g5 17. Bd2 b3 18. axb3 cxb3 19. Bb1 g4 20. hxg4 Bxg4 21. Bc3 a5 22. Qd2 a4 23. Nd4 a3 24. Rxa3 Rxa3 25. bxa3 Na4 26. Ba5 Qa8 27. Nxb3 Nd7 28. Qf4 Ne5 29. Bb4 Qa6 30. Nd4 h5 31. Ndf5 Ng6 32. Qxd6 Qxd6 33. Nxd6 Rd8 34. Ngf5 Be5 35. Rc1 Rd7 36. Rc6 Nf4 37. Nh6+ Kh7 38. Nhxf7 Bxd6 39. Nxd6 Rg7 40. e5+ Kh8 41. Nf5 Rg5 42. Rc8+ Kh7 43. Ne7+ Kg7 44. Rg8+ Kh6 45. Rxg5 Kxg5 46. Bd2 1-0

[Event "RUS-ch (Women) 1st League 58th"]
[Site "Smolensk"]
[Date "2008.03.01"]
[Round "4"]
[White "Semenova, Inna"]
[Black "Ivakhinova, Inna"]
[Result "1/2-1/2"]
[WhiteElo "2086"]
[BlackElo "2250"]
[PlyCount "68"]
[EventDate "2008.02.27"]
[EventType "swiss"]
[EventRounds "9"]
[EventCountry "RUS"]
[SourceTitle "CBM 123 Extra"]
[Source "ChessBase"]
[SourceDate "2008.05.06"]
[SourceVersion "1"]
[SourceVersionDate "2008.05.06"]
[SourceQuality "1"]

1. d4 d5 2. Nf3 e6 3. e3 Nf6 4. Bd3 c5 5. b3 Bd6 6. Bb2 0-0 7. Nbd2 Nbd7 8. Ne5 b6 9. Qf3 Bb7 10. Qh3 g6 11. Ndf3 cxd4 12. exd4 Rc8 13. 0-0 Ne4 14. Rfe1 Ndf6 15. a3 Qe7 16. Bc1 Nd7 17. Nxd7 Qxd7 18. Ng5 Nxg5 19. Bxg5 Be7 20. Bxe7 Qxe7 21. Re5 Rfe8 22. Qh6 Qf8 23. Qxf8+ Kxf8 24. Rae1 Re7 25. f4 Rce8 26. Kf2 Bc6 27. R1e2 Rc7 28. Ke1 h5 29. g3 Ree7 30. Kd2 Ke8 31. h3 Kd8 32. R5e3 Re8 33. Re1 Rc8 34. R1e2 Kd7 1/2-1/2

[Event "Soukhumi op"]
[Site "Soukhumi"]
[Date "2007.08.04"]
[Round "2"]
[White "Semenova, Inna"]
[Black "Degtiarev, Viktor"]
[Result "1-0"]
[WhiteElo "2106"]
[BlackElo "1918"]
[PlyCount "90"]
[EventDate "2007.08.03"]
[EventType "swiss"]
[EventRounds "9"]
[EventCountry "RUS"]
[SourceTitle "EXT 2009"]
[Source "ChessBase"]
[SourceDate "2008.11.26"]
[SourceVersion "1"]
[SourceVersionDate "2008.11.26"]
[SourceQuality "1"]

1. d4 c5 2. d5 d6 3. c4 Nf6 4. Nc3 g6 5. e4 Bg7 6. h3 0-0 7. Be3 a6 8. Bd3 e6 9. Nge2 exd5 10. cxd5 Re8 11. 0-0 Nbd7 12. Ng3 b5 13. a3 Bb7 14. Re1 Rc8 15. f4 c4 16. Bc2 Qc7 17. Qd2 Nc5 18. Rad1 h5 19. Bd4 Nfd7 20. Bxg7 Kxg7 21. e5 dxe5 22. f5 Qd6 23. Qg5 Nd3 24. Nce4 Qb6+ 25. Kh2 Rh8 26. f6+ Kf8 27. Bxd3 cxd3 28. Rxd3 h4 29. Nf1 Rh5 30. Qe3 Rc2 31. b4 Rc4 32. Qxb6 Nxb6 33. Nd6 Rc7 34. Nxb7 Rxb7 35. d6 Rf5 36. Nd2 Rxf6 37. Rxe5 Nd7 38. Rc5 Rb8 39. Rc7 Ke8 40. Ne4 Rf5 41. Nc5 Ne5 42. Rd4 Kd8 43. Rxh4 Rh5 44. Rxh5 gxh5 45. Nb7+ Ke8 1-0

[Event "Soukhumi op"]
[Site "Soukhumi"]
[Date "2007.08.03"]
[Round "1"]
[White "Eraschenkov, Denis"]
[Black "Semenova, Inna"]
[Result "1/2-1/2"]
[WhiteElo "2400"]
[BlackElo "2106"]
[PlyCount "77"]
[EventDate "2007.08.03"]
[EventType "swiss"]
[EventRounds "9"]
[EventCountry "RUS"]
[SourceTitle "EXT 2009"]
[Source "ChessBase"]
[SourceDate "2008.11.26"]
[SourceVersion "1"]
[SourceVersionDate "2008.11.26"]
[SourceQuality "1"]

1. e4 e5 2. Nf3 Nc6 3. Nc3 Nf6 4. d4 exd4 5. Nxd4 Bb4 6. Nxc6 bxc6 7. Bd3 d5 8. exd5 cxd5 9. 0-0 0-0 10. Bg5 c6 11. Qf3 Be7 12. Rfe1 h6 13. Bh4 Rb8 14. Ne2 Rb4 15. Bg3 c5 16. b3 Bg4 17. Qe3 c4 18. bxc4 dxc4 19. Be4 Qb6 20. Qxb6 Rxb6 21. Bf3 Bxf3 22. gxf3 Rb2 23. Rec1 Re8 24. Nc3 Ba3 25. Kg2 Re6 26. Nd1 Rbb6 27. Rcb1 Nd5 28. Bb8 Re1 29. Rxb6 axb6 30. Rb1 b5 31. Nc3 Rxb1 32. Nxb1 Bc5 33. Be5 f6 34. Nc3 Nxc3 35. Bxc3 Kf7 36. Bd2 Ke6 37. Kf1 Kf5 38. h3 Bd6 39. Ke2 1/2-1/2

[Event "RUS-ch (Women) 1st League 57th"]
[Site "Obninsk"]
[Date "2007.03.03"]
[Round "8"]
[White "Sukhareva, Valentina"]
[Black "Semenova, Inna"]
[Result "0-1"]
[WhiteElo "2002"]
[BlackElo "2102"]
[PlyCount "82"]
[EventDate "2007.02.24"]
[EventType "swiss"]
[EventRounds "9"]
[EventCountry "RUS"]
[SourceTitle "EXT 2010"]
[Source "ChessBase"]
[SourceDate "2010.11.25"]
[SourceVersion "1"]
[SourceVersionDate "2010.11.25"]
[SourceQuality "1"]

1. e4 c5 2. Nf3 Nc6 3. d3 g6 4. g3 Bg7 5. Bg2 d6 6. c3 Nf6 7. Nbd2 e5 8. b3 0-0 9. Bb2 Ne8 10. 0-0 f5 11. exf5 gxf5 12. h4 Qf6 13. Ng5 h6 14. Bd5+ Kh8 15. Qh5 Nd8 16. Rae1 Nc7 17. Bg2 Kg8 18. f4 hxg5 19. fxg5 Qe7 20. g4 f4 21. Be4 Bh8 22. Qg6+ Qg7 23. Qxd6 Bxg4 24. Qxc5 Nde6 25. Qf2 Bh3 26. Bg2 Bxg2 27. Qxg2 Qg6 28. Rf3 Nd5 29. Nc4 Rf5 30. Kf2 Rd8 31. a4 Ne3 32. Nxe3 fxe3+ 33. Rexe3 Rxf3+ 34. Rxf3 Nf4 35. Qh2 Nxd3+ 36. Kf1 Qe4 37. Qh1 Qe1+ 38. Kg2 Qxh1+ 39. Kxh1 Nxb2 40. Kg2 Rd3 41. Rf2 Nd1 0-1

[Event "RUS-ch (Women) 1st League 57th"]
[Site "Obninsk"]
[Date "2007.02.28"]
[Round "5"]
[White "Semenova, Inna"]
[Black "Solovjova, Valentina"]
[Result "0-1"]
[WhiteElo "2102"]
[BlackElo "2267"]
[PlyCount "52"]
[EventDate "2007.02.24"]
[EventType "swiss"]
[EventRounds "9"]
[EventCountry "RUS"]
[SourceTitle "EXT 2010"]
[Source "ChessBase"]
[SourceDate "2010.11.25"]
[SourceVersion "1"]
[SourceVersionDate "2010.11.25"]
[SourceQuality "1"]

1. d4 d5 2. c4 c6 3. Nf3 Nf6 4. e3 e6 5. Nbd2 Nbd7 6. Bd3 Bd6 7. e4 e5 8. cxd5 cxd5 9. 0-0 0-0 10. exd5 exd4 11. Ne4 Nxe4 12. Bxe4 Nf6 13. Qxd4 Nxe4 14. Qxe4 Re8 15. Qd4 Bf5 16. Bg5 Qb6 17. Be3 Qa6 18. Rfe1 Re4 19. Qd1 Rae8 20. Nd4 Bd7 21. Nf3 Bb8 22. Ng5 Qh6 23. Nf3 Qg6 24. Qd2 Bg4 25. Nd4 Qh5 26. Bf4 Bxf4 0-1

[Event "RUS-ch (Women) 1st League"]
[Site "Samara"]
[Date "2005.03.25"]
[Round "3"]
[White "Grunina, Nina"]
[Black "Semenova, Inna"]
[Result "1-0"]
[WhiteElo "2157"]
[BlackElo "2084"]
[PlyCount "127"]
[EventDate "2005.03.23"]
[EventType "swiss"]
[EventRounds "9"]
[EventCountry "RUS"]
[SourceTitle "CBM 105 Extra"]
[Source "ChessBase"]
[SourceDate "2005.05.01"]
[SourceVersion "1"]
[SourceVersionDate "2005.05.01"]
[SourceQuality "1"]

1. e4 c5 2. Nf3 Nc6 3. Nc3 e5 4. Bc4 h6 5. d3 d6 6. Nd2 Nf6 7. Nf1 Be7 8. Ne3 0-0 9. 0-0 Be6 10. a4 Nb4 11. Ncd5 Nbxd5 12. exd5 Bc8 13. f4 exf4 14. Rxf4 Nd7 15. Nf5 Ne5 16. Bb3 Bg5 17. Rf1 Bxc1 18. Qxc1 Bxf5 19. Rxf5 Qb6 20. a5 Qc7 21. Qd2 Qd7 22. Raf1 Qb5 23. Rh5 f6 24. Rf4 b6 25. Rh3 Qd7 26. Rfh4 Ng6 27. Re4 Ne5 28. Rg3 Kh7 29. c3 f5 30. Rh4 Ng6 31. Rh5 f4 32. Rgh3 Rae8 33. d4 Rf6 34. dxc5 bxc5 35. Bd1 Qe7 36. Kf2 Ne5 37. b3 Kg8 38. R5h4 Qf8 39. Bh5 g6 40. Bd1 g5 41. Rh5 g4 42. R3h4 Qg7 43. Kg1 g3 44. Rh3 gxh2+ 45. Kxh2 Kf7 46. R5h4 Qg5 47. Bh5+ Ke7 48. Bxe8 Kxe8 49. Rh5 Qg7 50. Qe2 Rg6 51. Rf5 Rg4 52. Rhh5 Kd8 53. a6 Kc8 54. b4 c4 55. b5 Kb8 56. Rxe5 dxe5 57. Qxe5+ Qxe5 58. Rxe5 Rg3 59. d6 Kc8 60. Re7 Rxc3 61. Rxa7 Rb3 62. Rc7+ Kd8 63. a7 Ra3 64. b6 1-0

[Event "RUS-ch (Women) 1st League"]
[Site "Kolontaevo"]
[Date "2005.01.??"]
[Round "2"]
[White "Severiukhina, Zoja"]
[Black "Semenova, Inna"]
[Result "1-0"]
[WhiteElo "2104"]
[BlackElo "2084"]
[PlyCount "83"]
[EventDate "2005.01.??"]
[EventType "swiss"]
[EventRounds "9"]
[EventCountry "RUS"]
[SourceTitle "EXT 2006"]
[Source "ChessBase"]
[SourceDate "2005.11.24"]
[SourceVersion "1"]
[SourceVersionDate "2005.11.24"]
[SourceQuality "1"]

1. e4 c5 2. Nf3 Nc6 3. d4 cxd4 4. Nxd4 Nf6 5. Nc3 e5 6. Ndb5 d6 7. Nd5 Nxd5 8. exd5 Nb8 9. c4 Be7 10. Bd3 0-0 11. 0-0 a6 12. Nc3 f5 13. f3 Bg5 14. Qc2 Bxc1 15. Raxc1 Qg5 16. f4 exf4 17. Ne2 Nd7 18. Nxf4 Ne5 19. Rce1 Re8 20. Kh1 g6 21. Qb3 Bd7 22. Qxb7 Reb8 23. Qc7 Rxb2 24. Bb1 Qd8 25. Qxd6 Nxc4 26. Qe7 Nd2 27. Qe5 Rab8 28. Nh5 gxh5 29. Rxf5 Bxf5 30. Bxf5 R2b6 31. Be6+ Rxe6 32. Qxe6+ Kg7 33. Qe5+ Kg8 34. Qg3+ Kf7 35. Qf4+ Kg8 36. Qxd2 Qf6 37. d6 Rb2 38. Qd5+ Kg7 39. h3 Re2 40. Rxe2 Qf1+ 41. Kh2 Qxe2 42. Qg5+ 1-0

[Event "Voronezh op-B"]
[Site "Voronezh"]
[Date "2004.06.20"]
[Round "9"]
[White "Riabtsev, Sergey"]
[Black "Semenova, Inna"]
[Result "0-1"]
[WhiteElo "2284"]
[BlackElo "2074"]
[PlyCount "60"]
[EventDate "2004.06.12"]
[EventType "swiss"]
[EventRounds "9"]
[EventCountry "RUS"]
[SourceTitle "EXT 2005"]
[Source "ChessBase"]
[SourceDate "2004.11.15"]
[SourceVersion "1"]
[SourceVersionDate "2004.11.15"]
[SourceQuality "1"]

1. e4 c5 2. Nf3 Nc6 3. Nc3 e5 4. d3 h6 5. Be2 Nf6 6. Nd5 d6 7. Ne3 Be6 8. 0-0 d5 9. exd5 Nxd5 10. Nxd5 Bxd5 11. Re1 Bd6 12. Bd2 0-0 13. Bc3 Nd4 14. Nd2 Re8 15. Bf3 Nxf3+ 16. Nxf3 Qf6 17. Nd2 Qg6 18. f3 Rad8 19. Ne4 Bf8 20. Qe2 Re6 21. Kh1 Rde8 22. Qf2 b6 23. a4 c4 24. dxc4 Bxc4 25. Qh4 Bd5 26. Rad1 Bc6 27. a5 f5 28. Ng3 e4 29. fxe4 fxe4 30. axb6 axb6 0-1

[Event "RUS-ch 1L (Women)"]
[Site "Serpukhov"]
[Date "2004.02.??"]
[Round "3"]
[White "Tarasova, Viktoriya"]
[Black "Semenova, Inna"]
[Result "1-0"]
[WhiteElo "2149"]
[BlackElo "2068"]
[PlyCount "115"]
[EventDate "2004.02.??"]
[EventType "swiss"]
[EventRounds "9"]
[EventCountry "RUS"]
[SourceTitle "EXT 2005"]
[Source "ChessBase"]
[SourceDate "2004.11.15"]
[SourceVersion "1"]
[SourceVersionDate "2004.11.15"]
[SourceQuality "1"]

1. c4 e6 2. Nf3 d5 3. b3 c5 4. Bb2 d4 5. e3 Nc6 6. d3 e5 7. g3 Be7 8. Bg2 Be6 9. 0-0 Qd7 10. Re1 h6 11. a3 a5 12. Qc2 Rd8 13. e4 g5 14. Rf1 h5 15. Bc1 f6 16. h4 g4 17. Ne1 Nh6 18. Qe2 Nf7 19. Nc2 a4 20. Nd2 axb3 21. Nxb3 Ra8 22. Rb1 Bd6 23. Bd2 Ne7 24. Na5 Qa4 25. Qd1 Rxa5 26. Bxa5 Qxa5 27. Rxb7 0-0 28. Qb1 Bc8 29. Rb5 Qc7 30. Qb2 Ba6 31. Rb6 Rb8 32. Rxb8+ Qxb8 33. Qxb8+ Bxb8 34. Rb1 Bc7 35. Na1 Nd8 36. Bf1 Kf7 37. Nb3 Ne6 38. Be2 f5 39. exf5 Nxf5 40. Nd2 Nd6 41. f3 gxf3 42. Bxf3 Kg6 43. Kg2 Kh6 44. Ne4 Nf5 45. Nf6 Ne3+ 46. Kf2 Bc8 47. Bb7 Bxb7 48. Rxb7 Ng4+ 49. Nxg4+ hxg4 50. a4 Kg6 51. Rb5 Kf5 52. a5 e4 53. dxe4+ Kxe4 54. a6 Be5 55. a7 Nc7 56. Rxc5 Na8 57. Rc8 Nb6 58. Rb8 1-0

[Event "Voronezh FIDE op"]
[Site "Voronezh"]
[Date "2003.06.13"]
[Round "2"]
[White "Manukovsky, Vladimir"]
[Black "Semenova, Inna"]
[Result "1-0"]
[WhiteElo "2294"]
[BlackElo "2073"]
[PlyCount "83"]
[EventDate "2003.06.12"]
[EventType "swiss"]
[EventRounds "9"]
[EventCountry "RUS"]
[SourceTitle "CBM 094 Extra"]
[Source "ChessBase"]
[SourceDate "2003.07.09"]
[SourceVersion "2"]
[SourceVersionDate "2003.07.09"]
[SourceQuality "1"]

1. e4 c5 2. Nc3 e6 3. f4 d5 4. Nf3 dxe4 5. Nxe4 Nc6 6. b3 Nf6 7. Nf2 Qc7 8. Nd3 Nd5 9. g3 Be7 10. Bb2 0-0 11. Bg2 b6 12. 0-0 Bb7 13. a3 Rad8 14. Qe2 Bf6 15. Nde5 Be7 16. Rad1 Nxe5 17. fxe5 Qc8 18. c4 Nc7 19. Ne1 Bxg2 20. Nxg2 Na6 21. Nf4 Rfe8 22. Nh5 Bf8 23. Qg4 Re7 24. d4 cxd4 25. Bxd4 Kh8 26. Be3 Rxd1 27. Rxd1 Rd7 28. Rd4 Rxd4 29. Bxd4 Qd7 30. b4 Nc7 31. Qe4 b5 32. c5 Nd5 33. Nf4 Be7 34. Kf2 Bg5 35. Nxd5 exd5 36. Qc2 Qh3 37. Kg1 Qg4 38. Bf2 Qc4 39. Qf5 h6 40. Qd7 Qc1+ 41. Kg2 Qc4 42. h4 1-0